| 000 | 00431nam a22001457a 4500 | ||
|---|---|---|---|
| 005 | 20260424164245.0 | ||
| 008 | 260424b |||||||| |||| 00| 0 eng d | ||
| 082 | _a348.42 ALL(R) | ||
| 100 | _aBridgman G.F.L | ||
| 245 |
_aThe England Law Reports Reprint: Revised and Annotated 1908-1910 _c/edited by G.F.L.Bridgman,Esq |
||
| 260 |
_aLondon: _bButterworth, _c1962. |
||
| 300 |
_a976p. _c;23cm. |
||
| 650 | _aLaw | ||
| 942 | _cENGLISH | ||
| 999 |
_c619915 _d619915 |
||